LIBRARY & INFORMATION CENTRE, KCAET, TAVANUR

ONLINE PUBLIC ACCESS CATALOGUE (OPAC)

Biological control of insects, pests and weeds / (Record no. 351)

MARC details
000 -LEADER
fixed length control field 00406cam a2200157ua 4500
041 ## - LANGUAGE CODE
Language code of text/sound track or separate title eng
082 ## - DEWEY DECIMAL CLASSIFICATION NUMBER
Classification number 632.96
Item number BAC/BI
100 ## - MAIN ENTRY--AUTHOR NAME
Personal name Bach, De Panl .
245 00 - TITLE STATEMENT
Title Biological control of insects, pests and weeds /
250 ## - EDITION STATEMENT
Edition statement 1 /
260 ## - PUBLICATION, DISTRIBUTION, ETC. (IMPRINT)
Place of publication London :
Name of publisher Chapman and Hall Ltd ,
Year of publication 1964.
300 ## - PHYSICAL DESCRIPTION
Number of Pages 843 ; .
942 ## - ADDED ENTRY ELEMENTS (KOHA)
Koha item type Books
Holdings
Withdrawn status Lost status Damaged status Home library Current library Date acquired Full call number Accession Number Koha item type
Withdrawn     KAUAET KAUAET 07/04/2012 632.96 8056 Books
free website counter